Resúmenes comparativos de ingresos y pagos, por recursos y obligaciones presupuestos (Record no. 126736)

MARC details
000 -LEADER
campo de control de longitud fija 00610nam a2200157 4500
001 - NÚMERO DE CONTROL
campo de control 126736
003 - IDENTIFICADOR DE NÚMERO DE CONTROL
campo de control ES-MaACL
005 - FECHA Y HORA DE LA ÚLTIMA TRANSACCIÓN
campo de control 20230906192853.0
007 - CAMPO FIJO DE DESCRIPCIÓN FÍSICA--INFORMACIÓN GENERAL
campo de control de longitud fija t|
008 - DATOS DE LONGITUD FIJA--INFORMACIÓN GENERAL
campo de control de longitud fija 070214s1974 sp r ||||1| spa d
245 00 - MENCIÓN DEL TÍTULO
Título Resúmenes comparativos de ingresos y pagos, por recursos y obligaciones presupuestos
Resto del título : (artículo 80, Ley Administración y Contabilidad).
260 ## - PUBLICACIÓN, DISTRIBUCIÓN, ETC.
Lugar de publicación, distribución, etc. Madrid :
Nombre del editor, distribuidor, etc. Intervención General de la Administración del Estado,
Fecha de publicación, distribución, etc. 1974.
300 ## - DESCRIPCIÓN FÍSICA
Extensión 14 h. ;
Dimensiones 25 cm.
710 2# - ENTRADA AGREGADA--NOMBRE DE ENTIDAD CORPORATIVA
Nombre de entidad corporativa o nombre de jurisdicción como elemento de entrada España.
Unidad subordinada Intervención General de la Administración del Estado.
9 (RLIN) 3813
852 ## - LOCALIZACIÓN
Ubicación ES-MaACL
Número de control de estantería 2069-F-24
Sublocalización o colección R.92014
Holdings
Estatus retirado Estado de pérdida Estado de daño No para préstamo Colección Biblioteca de origen Biblioteca actual Ubicación en estantería Fecha de adquisición Fuente de adquisición Total de préstamos Signatura topográfica completa Código de barras Visto por última vez Precio de reemplazo Tipo de ítem Koha
        Colección de folletos Biblioteca del Ateneo de Madrid Biblioteca del Ateneo de Madrid Depósito folletos 17/01/2008     2069-F-24 1132007 23/02/2023 23/02/2023 Folleto